| 000 | 00764nam a2200169Ia 4500 | ||
|---|---|---|---|
| 008 | 090123s9999 xx 000 0 und d | ||
| 082 | _b21825 | ||
| 100 | _aमिस्त्री एम.जे. | ||
| 245 | _aकिंग आर्थर अॅण्ड हिज किंगनाईट ऑफ द राऊंड टेबल | ||
| 250 | _a1 | ||
| 300 | _a55 | ||
| 600 | _aमिस्त्री एम.जे. | ||
| 630 | _aकिंग आर्थर अॅण्ड हिज किंगनाईट ऑफ द राऊंड टेबल | ||
| 700 | _aमिस्त्री एम.जे. | ||
| 730 | _aकिंग आर्थर अॅण्ड हिज किंगनाईट ऑफ द राऊंड टेबल | ||
| 942 | _cBOOK | ||
| 999 |
_c59897 _d59897 |
||